000 00710cam a2200217 a 4500
001 000008479
005 20200929161340.0
008 920512s1991 pr 001 0 spa
020 _a1563280043
040 _aDO-SdBNP
_cDLC
082 _aPR863.44
_bR173e
100 1 _aRamos, Juan Antonio,
_d1948-
_922420
245 1 0 _aEn casa de Guillermo Tell /
_cJuan Antonio Ramos.
260 _aRío Piedras, Puerto Rico :
_bPlaza Mayor,
_c1991.
300 _a101 p. ;
_c21 cm.
490 1 _aBiblioteca de Autores de Puerto Rico
650 4 _aNovela puertorriqueña
_91185
650 4 _aLiteratura puertorriqueña
_9250
830 0 _aBiblioteca de Autores de Puerto Rico
_99722
910 _aCatalogación por copia / LC
999 _c8250
_d8250